| 000 | 00582nam a22001937a 4500 | ||
|---|---|---|---|
| 005 | 20231206113533.0 | ||
| 008 | 231204b |||||||| |||| 00| 0 eng d | ||
| 020 | _a9781856177733 | ||
| 082 |
_a658.827 _bCHE-F |
||
| 100 | _aChernatony; Leslie. de | ||
| 245 |
_aFrom brand vision to brand evaluation: _bThe strategic process of growing and strengthening brands, _cChernatony; Leslie. de |
||
| 250 | _a3rd.ed. | ||
| 260 |
_aIndia _bTaylor and fransics _c2010 |
||
| 300 | _a376 | ||
| 500 | _aInclude Index | ||
| 650 | _aManagement | ||
| 700 | _aLeslie De Chernatony | ||
| 999 |
_c34748 _d34748 |
||